[Event "53smm Merania-Gries"]
[Site "?"]
[Date "2022.03.26"]
[Round "4.2"]
[White "Battiston, Claudio"]
[Black "Fongarolli, Diego"]
[Result "0-1"]
[WhiteElo "1814"]
[BlackElo "1901"]
[PlyCount "62"]
[EventDate "2022.03.26"]

1. e4 c5 2. Nf3 d6 3. d4 cxd4 4. Qxd4 Nc6 5. Bb5 Bd7 6. Bxc6 Bxc6 7. Nc3 Nf6 8.
Bg5 e5 9. Qe3 h6 10. Bxf6 Qxf6 11. O-O-O Be7 12. Nd5 Bxd5 13. Rxd5 O-O 14. Kb1
Rfc8 15. h4 Bd8 16. g4 Qe6 17. g5 h5 18. Rhd1 Rc6 19. Ne1 Bb6 20. Qe2 g6 21.
Nd3 Bc7 22. Nb4 Rb6 23. Rb5 Rxb5 24. Qxb5 Qg4 25. Re1 Bb6 26. Nd5 Qxh4 27. Nf6+
Kf8 28. Nd7+ Kg7 29. Nf6 Qxg5 30. Ne8+ Kf8 31. Nxd6 Qd2 0-1

[Event "53smm Merania-Gries"]
[Site "?"]
[Date "2022.03.26"]
[Round "4.3"]
[White "Paulmichl, Martin"]
[Black "Lami, Damiano"]
[Result "1/2-1/2"]
[WhiteElo "1886"]
[BlackElo "2041"]
[PlyCount "119"]
[EventDate "2022.03.26"]

1. d4 Nf6 2. Bg5 Ne4 3. Bf4 d5 4. f3 Nf6 5. Nc3 e6 6. Qd2 c5 7. e3 Nh5 8. Bb5+
Bd7 9. Nge2 Nxf4 10. Nxf4 Bd6 11. O-O-O Qa5 12. dxc5 Bxf4 13. Bxd7+ Nxd7 14.
exf4 Nxc5 15. f5 O-O-O 16. fxe6 fxe6 17. Qd4 Rd7 18. Rhe1 Rc7 19. Kb1 Qb6 20.
f4 Rf8 21. g4 Nd7 22. Qxb6 Nxb6 23. Rxe6 Rxf4 24. h3 Rcf7 25. b3 Rf1 26. Rxf1
Rxf1+ 27. Kb2 Kd7 28. Re5 Kd6 29. Rh5 h6 30. Nb5+ Kc5 31. Nxa7 Nd7 32. Nc8 Nf6
33. Re5 b5 34. Re7 b4 35. Rxg7 Ne4 36. a3 Nc3 37. axb4+ Kd4 38. Ka3 Rf2 39. Ne7
Rxc2 40. Nc6+ Kd3 41. b5 Nxb5+ 42. Kb4 Rxc6 43. Kxb5 Rd6 44. Kc5 Rd8 45. b4 d4
46. g5 hxg5 47. Rxg5 Ke2 48. Rg1 d3 49. b5 d2 50. b6 d1=Q 51. Rxd1 Rxd1 52. h4
Kf3 53. h5 Ke4 54. b7 Rd8 55. h6 Ke5 56. Kc6 Rh8 57. Kc7 Rh7+ 58. Kc8 Rh8+ 59.
Kc7 Rh7+ 60. Kc8 1/2-1/2

[Event "53smm Merania-Gries"]
[Site "?"]
[Date "2022.03.26"]
[Round "4.4"]
[White "Kaserer, Hanspeter"]
[Black "Niederstaetter, Harald"]
[Result "0-1"]
[WhiteElo "1683"]
[BlackElo "1867"]
[PlyCount "68"]
[EventDate "2022.03.26"]

1. d4 d6 2. c4 e5 3. dxe5 dxe5 4. Qxd8+ Kxd8 5. Nc3 c6 6. Nf3 f6 7. g3 Bg4 8.
Bg2 Kc7 9. a3 a5 10. O-O Nd7 11. Na4 Nc5 12. Nxc5 Bxc5 13. h3 Be6 14. b3 Ne7
15. Bb2 Rhd8 16. Rfd1 Nf5 17. e3 Bb6 18. Bf1 Bc5 19. Be2 e4 20. Nd4 Bxd4 21.
exd4 e3 22. Rd3 a4 23. g4 exf2+ 24. Kxf2 Nd6 25. Re3 Re8 26. c5 Nf7 27. b4 Bb3
28. Rxe8 Rxe8 29. b5 Ng5 30. b6+ Kd8 31. Bf3 Nxh3+ 32. Kg3 Re3 33. Kxh3 Rxf3+
34. Kg2 Bd5 0-1

[Event "53smm Richter/Lask-Klausen"]
[Site "?"]
[Date "2022.03.26"]
[Round "4.1"]
[White "Schacher, Gerd"]
[Black "De Eccher, Stefano"]
[Result "1/2-1/2"]
[WhiteElo "2287"]
[BlackElo "2179"]
[PlyCount "30"]
[EventDate "2022.03.26"]

1. c4 e5 2. Nc3 Nf6 3. Nf3 Nc6 4. e3 Bb4 5. Qc2 Bxc3 6. Qxc3 Qe7 7. d4 exd4 8.
Nxd4 Ne4 9. Qd3 Nxd4 10. Qxd4 Qb4+ 11. Ke2 Nf6 12. Bd2 Qe7 13. Bc3 b6 14. Qe5
Ba6 15. Qxe7+ Kxe7 1/2-1/2

[Event "53smm Richter/Lask-Klausen"]
[Site "?"]
[Date "2022.03.26"]
[Round "4.2"]
[White "Moncher, Stefano"]
[Black "Seebacher, Michael"]
[Result "1-0"]
[WhiteElo "2169"]
[BlackElo "2043"]
[PlyCount "73"]
[EventDate "2022.03.26"]

1. e4 Nc6 2. Nf3 e5 3. d4 exd4 4. Nxd4 Nf6 5. Nxc6 bxc6 6. e5 Qe7 7. Qe2 Nd5 8.
c4 Ba6 9. Nd2 f6 10. Qe4 Nb4 11. Kd1 fxe5 12. a3 d5 13. Qe3 Bxc4 14. Bxc4 dxc4
15. axb4 Qe6 16. Re1 Bd6 17. Qe4 O-O 18. Re2 Kh8 19. Qxc6 Rad8 20. Qxc4 Qh6 21.
Kc2 Qxh2 22. f3 Qh1 23. Nb3 Qh5 24. Bd2 Rf6 25. Rxa7 Qg6+ 26. Qe4 Rf5 27. Ra8
Rxa8 28. Qxa8+ Rf8+ 29. Qe4 Qf7 30. Bc3 h6 31. Nc5 Qa2 32. Nd3 Rd8 33. Nxe5
Bxe5 34. Qxe5 Qa4+ 35. b3 Qa2+ 36. Bb2 Rg8 37. Qa5 1-0

[Event "53smm Richter/Lask-Klausen"]
[Site "?"]
[Date "2022.03.26"]
[Round "4.3"]
[White "Seebacher, Reinhard"]
[Black "Bevilacqua, Maurizio"]
[Result "0-1"]
[WhiteElo "1914"]
[BlackElo "2055"]
[PlyCount "104"]
[EventDate "2022.03.26"]

1. c4 Nf6 2. Nf3 c5 3. Nc3 e6 4. g3 b6 5. Bg2 Bb7 6. O-O Be7 7. d3 O-O 8. h3 d5
9. cxd5 exd5 10. d4 Nbd7 11. Bf4 a6 12. g4 h6 13. e3 Re8 14. Ne5 Bf8 15. Nxd7
Qxd7 16. Na4 Re6 17. Rc1 Rc8 18. Nc3 c4 19. h4 b5 20. g5 hxg5 21. hxg5 b4 22.
gxf6 bxc3 23. fxg7 Bxg7 24. bxc3 Rg6 25. Bg3 Bh6 26. Qf3 Re8 27. Rb1 Re4 28.
Qh5 Reg4 29. Qe5 Kh7 30. Qc7 Qxc7 31. Bxc7 Rxg2+ 32. Kh1 Bc6 33. Bg3 R2xg3 34.
fxg3 Kg7 35. Rf3 Re6 36. Rb6 Be8 37. Rxe6 fxe6 38. g4 Bg6 39. Kh2 Be4 40. Rh3
Kg6 41. Kg1 a5 42. Kf2 a4 43. Rh2 Bf8 44. Ke2 Ba3 45. Kd1 Bf3+ 46. Kd2 Bxg4 47.
Rh8 Bb2 48. Rg8+ Kh5 49. Rb8 a3 50. Rxb2 axb2 51. Kc2 b1=Q+ 52. Kxb1 Bd1 0-1

[Event "53smm Richter/Lask-Klausen"]
[Site "?"]
[Date "2022.03.26"]
[Round "4.4"]
[White "Buglisi, Massimo"]
[Black "Schrott, Karl"]
[Result "0-1"]
[WhiteElo "1917"]
[BlackElo "1977"]
[PlyCount "52"]
[EventDate "2022.03.26"]

1. d4 d5 2. c4 e6 3. Nc3 Nf6 4. cxd5 exd5 5. Bg5 Be7 6. e3 O-O 7. Qc2 c6 8. Bd3
Nbd7 9. Nge2 Re8 10. O-O Nf8 11. f3 h6 12. Bh4 Ne6 13. Rad1 b5 14. Bf2 a5 15.
h3 Bd7 16. e4 dxe4 17. fxe4 Rc8 18. Qb1 Ng5 19. d5 cxd5 20. Nxd5 Nxd5 21. exd5
Nxh3+ 22. gxh3 Bxh3 23. Rfe1 Bd6 24. Ng3 Qg5 25. Kh2 Qh4 26. Rh1 Re3 0-1

[Event "53smm B Ridnaun-Arci"]
[Site "?"]
[Date "2022.04.09"]
[Round "5.3"]
[White "D'Ambrosio, Luca"]
[Black "Helfer, Sieghard"]
[Result "1/2-1/2"]
[WhiteElo "1743"]
[BlackElo "1514"]
[PlyCount "58"]
[EventDate "2022.04.09"]

{[%evp 0,39,16,28,73,54,60,49,103,52,84,75,88,78,79,47,47,40,40,41,41,-30,-67,
-67,11,-3,17,14,32,6,1,-1,7,7,17,19,37,-36,69,31,85,29]} 1. d4 g6 2. Nf3 Bg7 3.
e4 d6 4. Be2 Nd7 5. O-O e6 6. Bg5 Ne7 7. c4 b6 8. Nc3 Bb7 9. Qd2 h6 10. Bh4 g5
11. Bg3 Ng6 12. h3 Qe7 13. d5 e5 14. Nb5 Qd8 15. b4 a6 16. Nc3 Qe7 17. a4 O-O
18. Nh2 Nf6 19. Ng4 Bc8 20. Ne3 Nf4 21. Bd1 N6h5 22. Nf5 Bxf5 23. exf5 Qf6 24.
Bg4 Rfe8 25. Ne4 Qe7 26. Bh2 Nf6 27. Nxf6+ Qxf6 28. g3 h5 29. gxf4 hxg4 1/2-1/2

[Event "53smm B Steinegg-Richter/Lask2"]
[Site "?"]
[Date "2022.04.09"]
[Round "5.1"]
[White "Pardeller, Arthur"]
[Black "Engl, Alexander"]
[Result "0-1"]
[WhiteElo "1598"]
[BlackElo "1792"]
[PlyCount "50"]
[EventDate "2022.04.09"]

{[%evp 0,50,19,31,33,-16,32,32,38,32,50,43,32,20,20,25,18,3,28,-2,15,-10,8,3,9,
3,19,13,1,14,140,15,42,7,7,0,21,-49,-23,-34,87,78,-93,-93,-115,-215,-639,-639,
-654,-654,-654,-29989,-29990]} 1. d4 e6 2. c4 f5 3. Nc3 Nf6 4. Nf3 Bb4 5. Bd2
O-O 6. a3 Bxc3 7. Bxc3 b6 8. e3 Bb7 9. Be2 d6 10. O-O Nbd7 11. b4 Qe7 12. Qb3
c5 13. Rfd1 Ne4 14. Bb2 e5 15. d5 g5 16. g3 h5 17. Qc2 Kg7 18. Ne1 g4 19. Bd3
Ng5 20. Bxf5 Rxf5 21. Qxf5 Rf8 22. Qb1 Nh3+ 23. Kh1 Nxf2+ 24. Kg2 Qf6 25. Qc2
Nxd1 0-1

[Event "53smm B Steinegg-Richter/Lask2"]
[Site "?"]
[Date "2022.04.09"]
[Round "5.2"]
[White "Lantschner, Carmen"]
[Black "Unterweger, Jonas"]
[Result "0-1"]
[WhiteElo "1656"]
[BlackElo "1543"]
[PlyCount "120"]
[EventDate "2022.04.09"]

{[%evp 0,120,33,25,60,38,25,8,8,-10,21,-13,-18,13,15,-64,-64,-61,-47,-56,-63,
-77,-84,-77,-89,-77,-75,-105,-103,-74,-74,-100,-87,-89,-78,-75,-69,-116,-77,
-94,-74,-72,-76,-79,-81,-83,-82,-90,-81,-80,-76,-68,-87,-93,-84,-90,-85,-84,
-88,-132,-130,-218,-187,-226,-187,-166,-181,-185,-98,-98,-70,-82,-82,-82,-117,
-114,-120,-121,-52,-125,-129,-165,-33,-115,-118,-181,-185,-185,-185,-185,-185,
-252,-239,-154,0,-1393,-1479,-1567,-1794,-1983,-2443,-2680,-2702,-2743,-1871,
-2381,-1012,-1022,-1032,-1032,-1032,-29983,-1032,-29979,-29980,-29985,-29986,
-29987,-29988,-29989,-1032,-29993,-29994]} 1. e4 e5 2. Nf3 Nc6 3. Nc3 Nf6 4. d4
exd4 5. Nxd4 Bb4 6. Nxc6 bxc6 7. e5 Qe7 8. Qe2 Nd5 9. Bd2 Nxc3 10. Bxc3 Bxc3+
11. bxc3 O-O 12. f4 Re8 13. Qe4 d5 14. Qd4 f6 15. Bd3 fxe5 16. fxe5 Qxe5+ 17.
Qxe5 Rxe5+ 18. Kf2 Bf5 19. Rhe1 Rxe1 20. Rxe1 Bxd3 21. cxd3 Kf7 22. Kf3 Rb8 23.
Re2 Kf6 24. h4 g6 25. Kg4 h5+ 26. Kf4 a5 27. Rf2 a4 28. Ke3+ Ke6 29. Kd4 a3 30.
Kc5 Rb2 31. Rf4 Rxa2 32. Ra4 Rxg2 33. Rxa3 Rg4 34. Ra6 Rxh4 35. Rxc6+ Kf5 36.
Kxd5 g5 37. Rxc7 g4 38. Rf7+ Kg5 39. c4 g3 40. c5 Kg6 41. Rf8 Rg4 42. Rf1 g2
43. Rg1 h4 44. c6 h3 45. c7 h2 46. c8=Q Rg5+ 47. Ke6 hxg1=Q 48. Qg8+ Kh5 49.
Qh7+ Kg4 50. Qe4+ Kg3 51. Kf6 Qc5 52. d4 Qf5+ 53. Qxf5 Rxf5+ 54. Kxf5 g1=Q 55.
d5 Qd4 56. Ke6 Qe4+ 57. Kd6 Kf4 58. Kc5 Ke5 59. d6 Qd5+ 60. Kb6 Kxd6 0-1

[Event "53smm B Steinegg-Richter/Lask2"]
[Site "?"]
[Date "2022.04.09"]
[Round "5.3"]
[White "Unterweger, Christian"]
[Black "Schroffenegger, Franz"]
[Result "1-0"]
[WhiteElo "1242"]
[BlackElo "1160"]
[PlyCount "63"]
[EventDate "2022.04.09"]

{[%evp 0,63,35,28,29,14,55,19,5,25,59,42,54,21,14,24,27,19,32,44,58,36,12,9,2,
-26,-47,-36,-1,1,12,19,12,26,34,25,41,19,38,0,-3,18,94,13,92,-35,71,2,7,16,94,
166,172,135,412,67,57,67,295,2,1925,2007,2007,2235,29999,-30000]} 1. d4 e6 2.
Nf3 Nc6 3. e3 d5 4. Bd3 g6 5. O-O Bg7 6. c3 Nge7 7. e4 O-O 8. Re1 f6 9. Nbd2
Kh8 10. Nf1 e5 11. exd5 Nxd5 12. c4 Ndb4 13. d5 Nxd3 14. Qxd3 Bf5 15. Qc3 Ne7
16. Ng3 Bd7 17. h3 Nc8 18. Qd3 Qe7 19. h4 f5 20. Bg5 Qd6 21. Qd2 Nb6 22. b3 c6
23. Rad1 Rae8 24. Bh6 Bxh6 25. Qxh6 cxd5 26. Nxe5 Qb4 27. Qc1 dxc4 28. bxc4 Re7
29. Qh6 Rfe8 30. Nxg6+ Kg8 31. Rxe7 Rxe7 32. Qf8# 1-0

[Event "53smm B Steinegg-Richter/Lask2"]
[Site "?"]
[Date "2022.04.09"]
[Round "5.4"]
[White "Lantschner, Arnold"]
[Black "Rizzolli, Felix"]
[Result "1-0"]
[WhiteElo "1349"]
[BlackElo "1165"]
[PlyCount "29"]
[EventDate "2022.04.09"]

{[%evp 0,29,25,25,22,8,8,10,14,5,26,0,-8,-8,-2,-22,-8,-30,-24,-22,-4,-4,8,-13,
198,167,175,185,180,178,29999,-30000]} 1. e4 e5 2. Bc4 Nf6 3. d3 Bc5 4. Nf3 d6
5. h3 Nc6 6. Nc3 Be6 7. Nd5 Bxd5 8. Bxd5 Nxd5 9. exd5 Nd4 10. Be3 f5 11. O-O f4
12. Bxd4 Bxd4 13. Nxd4 exd4 14. Re1+ Kd7 15. Qg4# 1-0

[Event "53smm Gries-Richter/Lask"]
[Site "?"]
[Date "2022.04.09"]
[Round "5.1"]
[White "Moncher, Stefano"]
[Black "Zammarchi, Massimo"]
[Result "1/2-1/2"]
[WhiteElo "2169"]
[BlackElo "1927"]
[PlyCount "79"]
[EventDate "2022.04.09"]

{[%evp 0,79,19,31,34,19,13,14,26,19,7,3,8,-14,-8,-16,10,12,6,-3,6,-20,3,10,4,
16,-14,2,2,-22,-29,-19,-19,-19,-42,-47,-15,-56,-32,-69,-65,-73,-93,-91,-83,-71,
-84,-40,-40,-47,-41,-41,-4,-4,0,0,-22,-7,-7,-27,-17,-23,-13,-20,-12,-23,-23,
-36,-17,-23,-23,-23,-34,-35,-17,-13,-15,-9,-12,-9,-15,-17] 586MB, Fritz11.ctg,
ASUS} 1. e4 e5 2. Nf3 Nc6 3. d4 exd4 4. Nxd4 Nf6 5. Nxc6 bxc6 6. e5 Qe7 7. Qe2
Nd5 8. c4 Ba6 9. Nd2 O-O-O 10. Nf3 Re8 11. b3 f6 12. Qd2 Nb6 13. Bb2 fxe5 14.
O-O-O e4 15. Ne5 Bb7 16. Be2 d6 17. Ng4 c5 18. Rhe1 Rg8 19. Ne3 g6 20. Nd5 Nxd5
21. cxd5 Bg7 22. Bg4+ Kb8 23. Be6 Rgf8 24. Rxe4 Bxb2+ 25. Qxb2 Qg5+ 26. f4 Qf6
27. Qxf6 Rxf6 28. g3 c6 29. Rc4 Kc7 30. Rc2 cxd5 31. Bxd5 Bxd5 32. Rxd5 Kc6 33.
Rdd2 Re4 34. Re2 Rfe6 35. Rxe4 Rxe4 36. Rf2 a5 37. Kd2 a4 38. f5 gxf5 39. Rxf5
axb3 40. axb3 1/2-1/2

[Event "53smm Gries-Richter/Lask"]
[Site "?"]
[Date "2022.04.09"]
[Round "5.2"]
[White "Fongarolli, Diego"]
[Black "Billio, Atto"]
[Result "1/2-1/2"]
[WhiteElo "1901"]
[BlackElo "2027"]
[PlyCount "88"]
[EventDate "2022.04.09"]

{[%evp 0,88,34,13,52,70,70,55,36,33,26,12,3,25,48,36,35,11,22,18,56,44,36,42,
87,67,106,83,85,81,81,23,92,60,69,60,65,57,86,42,46,65,80,43,76,87,91,61,75,69,
47,15,103,101,132,106,151,151,151,157,209,136,123,148,131,120,120,97,116,88,55,
24,11,10,43,58,63,63,76,86,411,128,92,117,95,91,63,-27,64,67,67] 586MB,
Fritz11.ctg, ASUS} 1. e4 Nf6 2. e5 Nd5 3. d4 d6 4. c4 Nb6 5. f4 dxe5 6. fxe5
Nc6 7. Be3 Bf5 8. Nc3 e6 9. Nf3 Bb4 10. Be2 Na5 11. Nd2 Qd7 12. O-O Bxc3 13.
bxc3 O-O 14. h4 Qa4 15. Rf4 h6 16. d5 Qxd1+ 17. Rxd1 Na4 18. Rc1 Nb2 19. Bc5
Rfd8 20. Rd4 Na4 21. Ba3 c5 22. Rf4 Rac8 23. Nb3 Nxb3 24. axb3 Nb6 25. Rcf1 Rc7
26. b4 cxb4 27. Bxb4 g5 28. hxg5 hxg5 29. Rd4 Rcd7 30. Ba5 Rc8 31. g4 Bg6 32.
Bxb6 axb6 33. Rf6 exd5 34. Rxb6 Re7 35. Rxd5 Be4 36. Ra5 Rce8 37. e6 f6 38. c5
Bd5 39. Bb5 Rd8 40. Bd7 Kg7 41. Kf2 Rh8 42. Rd6 Rh2+ 43. Kg1 Rh1+ 44. Kf2 Rh2+
1/2-1/2

[Event "53smm Gries-Richter/Lask"]
[Site "?"]
[Date "2022.04.09"]
[Round "5.3"]
[White "Bevilacqua, Maurizio"]
[Black "Paulmichl, Martin"]
[Result "1-0"]
[WhiteElo "2055"]
[BlackElo "1886"]
[PlyCount "75"]
[EventDate "2022.04.09"]

{[%evp 0,75,28,-6,44,-2,35,-13,20,39,50,59,50,27,35,41,56,39,68,52,59,59,50,42,
55,36,60,-5,15,11,22,12,132,132,138,59,149,63,83,70,83,30,69,-16,31,45,59,57,
55,0,20,-111,-35,-70,-2,-2,-19,-40,-28,19,51,22,23,7,78,84,101,90,119,121,145,
127,595,624,29993,29994,29995,29996] 586MB, Fritz11.ctg, ASUS} 1. c4 f5 2. g3
Nf6 3. Bg2 d6 4. d4 e6 5. Nc3 Be7 6. Nh3 O-O 7. Qb3 c6 8. O-O Qe8 9. f3 Kh8 10.
Be3 e5 11. Rad1 Nbd7 12. d5 Qh5 13. Qc2 cxd5 14. cxd5 b6 15. Ng5 f4 16. gxf4
exf4 17. Bxf4 Ne5 18. Bxe5 Qxg5 19. Bg3 Nh5 20. Ne4 Qg6 21. Rd4 Bf5 22. Qd2
Rac8 23. e3 Rc7 24. Qe1 Rfc8 25. Nc3 Bd3 26. Rg4 Qf7 27. Rf2 Nxg3 28. hxg3 Bf6
29. Qd2 Bxc3 30. Qxd3 Bf6 31. Bh3 Rd8 32. Kg2 g6 33. Re4 Rc5 34. Be6 Qc7 35.
Rf4 Kg7 36. Rxf6 Kxf6 37. Qd4+ Ke7 38. Qg7+ 1-0

[Event "53smm Gries-Richter/Lask"]
[Site "?"]
[Date "2022.04.09"]
[Round "5.4"]
[White "Niederstaetter, Harald"]
[Black "Anrather, Eva"]
[Result "1-0"]
[WhiteElo "1867"]
[BlackElo "1394"]
[PlyCount "103"]
[EventDate "2022.04.09"]

{[%evp 0,103,28,28,27,16,24,30,30,13,20,27,23,21,8,1,36,33,36,31,51,43,33,20,
52,47,62,48,82,85,64,40,57,57,52,49,49,43,48,50,74,62,60,62,56,45,49,8,45,50,
45,23,49,35,36,30,27,-9,25,26,31,20,39,32,27,29,14,0,15,20,20,-12,-7,-5,74,45,
70,-6,-9,6,64,6,50,45,45,36,28,29,29,-100,5,0,5,0,120,97,129,117,127,127,176,
167,217,212,217,238] 586MB, Fritz11.ctg, ASUS} 1. d4 d5 2. Bf4 Nf6 3. e3 e6 4.
Nf3 Nc6 5. Nbd2 Bd6 6. Ne5 O-O 7. Bd3 Nb4 8. Be2 c5 9. O-O c4 10. c3 Nc6 11. b3
cxb3 12. axb3 Ne7 13. Qc2 Ng6 14. Bg3 Qc7 15. Nd3 e5 16. Nxe5 Nxe5 17. dxe5
Bxe5 18. Bxe5 Qxe5 19. Nf3 Qd6 20. Rfd1 Qc7 21. Nd4 a6 22. Bf3 Bg4 23. Rd3 Be6
24. Rc1 Rac8 25. Qa2 Qb6 26. Rd2 Rc7 27. Rdc2 Rfc8 28. Qa3 Qc5 29. Qxc5 Rxc5
30. Kf1 Ne4 31. Nxe6 fxe6 32. Bxe4 dxe4 33. Ke2 Kf7 34. c4 b5 35. f3 exf3+ 36.
gxf3 b4 37. Rd1 a5 38. Rcd2 Rh5 39. Kd3 Rcc5 40. Kd4 Rcf5 41. f4 e5+ 42. fxe5
Rxe5 43. Rf1+ Ke6 44. Rf8 Rh4+ 45. Rf4 Rh3 46. Re2 g5 47. Rf8 Rh4+ 48. e4 Ke7
49. Ra8 Re6 50. Rxa5 Kf6 51. Rf5+ Kg6 52. Rb5 1-0

[Event "53smm Klausen-Groeden"]
[Site "?"]
[Date "2022.04.09"]
[Round "5.1"]
[White "Moroder, Stephan"]
[Black "Seebacher, Michael"]
[Result "1/2-1/2"]
[WhiteElo "2150"]
[BlackElo "2042"]
[PlyCount "25"]
[EventDate "2022.04.09"]

1. d4 c5 2. e3 Nf6 3. Nf3 e6 4. c4 cxd4 5. exd4 d5 6. Nc3 Be7 7. cxd5 Nxd5 8.
Bd3 Nc6 9. O-O O-O 10. Re1 Nxc3 11. bxc3 b6 12. Qe2 Bb7 13. Bf4 1/2-1/2

[Event "53smm Klausen-Groeden"]
[Site "?"]
[Date "2022.04.09"]
[Round "5.3"]
[White "Moroder, Thomas"]
[Black "Seebacher, Reinhard"]
[Result "0-1"]
[WhiteElo "1997"]
[BlackElo "1899"]
[PlyCount "116"]
[EventDate "2022.04.09"]

1. e4 c6 2. d4 g6 3. Be3 Bg7 4. Nc3 d6 5. Qd2 b5 6. Bd3 h6 7. h4 Nf6 8. f3 Nbd7
9. h5 Nxh5 10. d5 b4 11. Nce2 cxd5 12. Qxb4 Rb8 13. Qa4 dxe4 14. Bxe4 a5 15. a3
O-O 16. g4 Nhf6 17. Bxh6 Nc5 18. Qd4 Ncxe4 19. Bxg7 Kxg7 20. fxe4 Bxg4 21. Qe3
Rh8 22. Rxh8 Qxh8 23. O-O-O Qh6 24. Qxh6+ Kxh6 25. Rd4 Nd7 26. Ra4 Rb5 27. Nd4
Rh5 28. Nde2 Rh1 29. Kd2 Nb6 30. Rd4 Rh2 31. b3 Nd7 32. Rc4 Nc5 33. e5 Be6 34.
Nf3 Rxe2+ 35. Kxe2 Bxc4+ 36. bxc4 dxe5 37. Nxe5 f5 38. Nc6 a4 39. Nxe7 f4 40.
Kf3 Kg5 41. Nd5 Ne6 42. c3 Kf5 43. Ne7+ Kf6 44. Nc6 g5 45. Kg4 Nc5 46. Nd4 Nd7
47. Kf3 Ne5+ 48. Ke4 Nxc4 49. Nc2 Ke6 50. Nd4+ Kd6 51. Kf5 Nxa3 52. Kxg5 Ke5
53. Kg4 Ke4 54. Ne6 Nc4 55. Nxf4 a3 56. Ne6 Kd3 57. Nd4 a2 58. Nb3 Kxc3 0-1

[Event "53smm Klausen-Groeden"]
[Site "?"]
[Date "2022.04.09"]
[Round "5.4"]
[White "Sigmund, Ingenuin"]
[Black "Grossi, Christian"]
[Result "0-1"]
[WhiteElo "1583"]
[BlackElo "1880"]
[PlyCount "56"]
[EventDate "2022.04.09"]

1. e4 g6 2. d4 Bg7 3. Bc4 d6 4. Qf3 e6 5. c3 Nd7 6. Ne2 Ngf6 7. Bg5 e5 8. Nd2
O-O 9. h3 c6 10. Qe3 Qb6 11. O-O Qxb2 12. a4 Qb6 13. a5 Qc7 14. f4 exd4 15.
cxd4 d5 16. e5 dxc4 17. exf6 Nxf6 18. Nxc4 Be6 19. Bxf6 Bxc4 20. Be5 Qe7 21. f5
f6 22. fxg6 hxg6 23. Nf4 fxe5 24. Nxg6 Rxf1+ 25. Rxf1 Qe6 26. Qg5 Bxf1 27. Kxf1
exd4 28. Ne7+ Kf7 0-1

[Event "53smm B Groeden2-Naturns2"]
[Site "?"]
[Date "26.04.23"]
[Round "5.3"]
[White "Gurschler, Markus"]
[Black "Scola, Matteo"]
[Result "0-1"]
[WhiteElo "1566"]
[BlackElo "1620"]
[PlyCount "70"]
[EventDate "2022.04.23"]

1. d4 c5 2. Nf3 Nf6 3. Bf4 cxd4 4. Nxd4 e5 5. Bxe5 Qa5+ 6. Nc3 Qxe5 7. e3 Bb4
8. Qd3 Nc6 9. O-O-O Bxc3 10. Qxc3 Nxd4 11. Rxd4 O-O 12. Bd3 d5 13. h3 Bf5 14.
g4 Bxd3 15. Qxd3 Rfe8 16. h4 Rad8 17. g5 Ne4 18. f4 Qe6 19. Re1 a6 20. h5 b5
21. h6 g6 22. b3 Rd6 23. a4 bxa4 24. Rxa4 Ng3 25. e4 Nxe4 26. Qd4 f6 27. Rb4
Qd7 28. Rb6 Rxb6 29. Qxb6 Re6 30. Qd4 Qc7 31. Qxd5 Qxf4+ 32. Kb2 Qe5+ 33. Qxe5
Rxe5 34. gxf6 Kf7 35. Ra1 Re6 0-1